000 00594nam a22002057a 4500
003 OSt
005 20140310182225.0
008 121116t xxu||||| |||| 00| 0 eng d
020 _a0553480618
050 _aPZ 7
_b.Su968s75 1994
082 _aFIC
_bSu9sv #75
100 _aSuzanne, Jamie
_94455
245 _aJessica and the earthquake /
_cJamie Suzanne; Created by Francine Pascal
260 _aNew York :
_bBantam Books,
_c1994.
300 _a137 p. ;
_c20 cm.
440 _aSweet Valley Twins and friends
_n#75
_917715
650 _aFiction
_9746
942 _2lcc
_cFIC
999 _c10786
_d10786